मोहिं कहां विश्रामः (Record no. 14329)

MARC details
000 -LEADER
fixed length control field 01576nam a22002657a 4500
005 - DATE AND TIME OF LATEST TRANSACTION
control field 20080708144749.0
008 - FIXED-LENGTH DATA ELEMENTS--GENERAL INFORMATION
fixed length control field 080708t xxu||||| |||| 00| 0bhin d
010 ## - LIBRARY OF CONGRESS CONTROL NUMBER
LC control number HIN-83794
020 ## - INTERNATIONAL STANDARD BOOK NUMBER
Terms of availability 400.00
International Standard Book Number 9788189859787
035 ## - SYSTEM CONTROL NUMBER
System control number HN-56140
037 ## - SOURCE OF ACQUISITION
Source of stock number/acquisition DBAD / PUB
040 ## - CATALOGING SOURCE
Original cataloging agency DPL
Language of cataloging HN
082 ## - DEWEY DECIMAL CLASSIFICATION NUMBER
Classification number 921
245 ## - TITLE STATEMENT
Title मोहिं कहां विश्रामः
Statement of responsibility, etc कन्हैयालाल नन्दन द्वारा संपादित
Remainder of title ( अर्जुन सिंहःआधुनिक प्रजातंत्र के भारतीय शिल्पकार) /
246 ## - VARYING FORM OF TITLE
Title proper/short title Mohin Kahaan Vishram
Remainder of title by Arjun Singh
260 ## - PUBLICATION, DISTRIBUTION, ETC. (IMPRINT)
Place of publication, distribution, etc नई दिल्ली
Name of publisher, distributor, etc किताबघर प्रकाशन
Date of publication, distribution, etc 2008
270 ## - ADDRESS
Address 4855-56/24, अंसारी रोड़, दरियागंज
City नई दिल्ली
Postal code 110002
300 ## - PHYSICAL DESCRIPTION
Extent xxv,294पृ
Dimensions 24सेमी(सजिल्द)
Other physical details सचित्र
650 ## - SUBJECT ADDED ENTRY--TOPICAL TERM
Topical term or geographic name as entry element हिन्दी जीवन-वृत
650 ## - SUBJECT ADDED ENTRY--TOPICAL TERM
Topical term or geographic name as entry element Hindi Biographies
700 ## - ADDED ENTRY--PERSONAL NAME
Personal name कन्हैयालाल नन्दन
942 ## - ADDED ENTRY ELEMENTS (KOHA)
Source of classification or shelving scheme Dewey Decimal Classification
Koha item type Hindi Books
Classification part 921
Call number suffix अर्जुन
Holdings
Withdrawn status Lost status Damaged status Not for loan Collection code Home library Current library Date acquired Source of acquisition Cost, normal purchase price Total Checkouts Full call number Barcode Date last seen Copy number Cost, replacement price Price effective from Koha item type Source of classification or shelving scheme Date checked out
      Not For Loan Non-fiction D.B.Act.Division D.B.Act.Division 08/07/2008 पु.प्र.अ.प्र /प्रका 400.00   921 मोहिंक HN-56140 15/09/2008 1 400.00 15/09/2008 Hindi Books    
          Janak Puri Janak Puri 26/08/2009 DBAD / PUB / DUP 400.00 3 921 अर्जुन B-356773 18/09/2018 1 400.00 26/08/2009 Hindi Books Dewey Decimal Classification 13/10/2014

© Delhi Public Library
Hit Counter
free hit counter